| 000 | 00515nam a22001697a 4500 | ||
|---|---|---|---|
| 003 | NUST | ||
| 038 | _aasad | ||
| 082 | _a200 THE | ||
| 100 |
_aMUHAMMAD HAMMAD _969373 |
||
| 245 | _aTH-SOF-1588-Dataset Creation Using Synthetic Images for Cellular Image Based Research | ||
| 260 |
_aISLAMABAD; _bNUST COLLEGE OF EME, _c2018 |
||
| 300 | _bCD | ||
| 563 | _ahb | ||
| 650 |
_aMS-COMPUTER ENGINEERING-81, MSTHESIS _969374 |
||
| 700 |
_aAdvisor Dr. QAISER CHAUDRY Co-Advisor Dr. SAAD REHMAN _969375 |
||
| 942 |
_cCF _2ddc |
||
| 999 |
_c576691 _d576691 |
||